000 00546nam a22002177a 4500
001 T027600000165
008 181111b xve|||||r|||| 00| | esp d
020 _aS/ISBN
099 _a350
_bO859
100 _aOsuna, José Luis
245 _aGuía para la evaluación de políticas públicas.
260 _aS/F
300 _a167
500 _a
650 _aEvaluación de políticas públicas.
650 _aConceptual o de diseño.
650 _aGestión.
650 _aSeguimiento.
700 _aMárquez, Carolina.
_e
942 _cLIB
999 _c1350
_d1350